[Event "THA-ch"]
[Site "Bangkok"]
[Date "2021.11.06"]
[Round "4"]
[White "Alriyami, Faris Rashid"]
[Black "Sela, Prajak"]
[Result "1-0"]
[WhiteElo "1812"]
[BlackElo "1514"]
[PlyCount "105"]
[EventDate "2021.11.05"]
[EventType "swiss"]
[EventRounds "9"]
[EventCountry "THA"]
[SourceTitle "CBM 205 Extra"]
[Source "ChessBase"]
[SourceDate "2022.01.31"]
[SourceVersion "1"]
[SourceVersionDate "2022.01.31"]
[SourceQuality "1"]

1. e4 c5 2. Nf3 d6 3. Bb5+ Bd7 4. Bxd7+ Nxd7 5. d4 cxd4 6. Qxd4 Ngf6 7. c4 e6 8. Nc3 a6 9. 0-0 Be7 10. Rd1 0-0 11. b3 Qb6 12. Qxb6 Nxb6 13. Ba3 Rfd8 14. e5 Ne8 15. Ne4 Nc8 16. Rd2 d5 17. Bxe7 Nxe7 18. Rad1 Rdc8 19. Nd6 Rc7 20. Ng5 dxc4 21. Nxc4 Nd5 22. Ne4 Kf8 23. Ned6 Ke7 24. Rxd5 exd5 25. Nb6 Rd8 26. Nxd5+ Ke6 27. Nxc7+ Nxc7 28. Rc1 Nb5 29. Nxb7 Rd2 30. Nc5+ Kxe5 31. a4 Nc3 32. Kf1 Na2 33. Ke1 Nxc1 34. Kxd2 Kd5 35. b4 Na2 36. Nxa6 Kc4 37. b5 Nc3 38. b6 Ne4+ 39. Ke3 Nd6 40. Nc7 Kc5 41. Ne8 Nc4+ 42. Kf4 Nxb6 43. Nxg7 Nxa4 44. Ke5 Nc3 45. f4 f6+ 46. Kxf6 Kd5 47. Nh5 Ke4 48. g4 Nd5+ 49. Kg5 Ne3 50. h3 Nd5 51. Nf6+ Nxf6 52. Kxf6 Kxf4 53. Kg7 1-0

[Event "Nonthaburi SEA Games Qual"]
[Site "Nonthaburi"]
[Date "2021.03.06"]
[Round "6.6"]
[White "Alriyami, Faris Rashid"]
[Black "Prayoonthamrongthiti, Pisut"]
[Result "1-0"]
[WhiteElo "1758"]
[BlackElo "1660"]
[PlyCount "41"]
[EventDate "2021.03.04"]
[EventType "swiss"]
[EventRounds "9"]
[EventCountry "THA"]
[SourceTitle "EXT 2022"]
[Source "ChessBase"]
[SourceDate "2021.10.06"]
[SourceVersion "1"]
[SourceVersionDate "2021.10.06"]
[SourceQuality "1"]

1. e4 c5 2. Nf3 d6 3. Bb5+ Nd7 4. d4 cxd4 5. Qxd4 e5 6. Qd3 a6 7. Bxd7+ Bxd7 8. c4 b5 9. Nc3 Nf6 10. cxb5 axb5 11. Nxb5 Nxe4 12. Qxe4 Bxb5 13. Qd5 Qa5+ 14. Bd2 Qa6 15. Rc1 Be7 16. Rc7 h6 17. Bb4 Kd8 18. Rc1 Re8 19. Rc3 Rb8 20. Ra3 Qb7 21. Ba5+ 1-0

[Event "Nonthaburi SEA Games Qual"]
[Site "Nonthaburi"]
[Date "2021.03.06"]
[Round "5.4"]
[White "Khumnorkaew, Tupfah"]
[Black "Alriyami, Faris Rashid"]
[Result "1-0"]
[WhiteElo "2153"]
[BlackElo "1758"]
[PlyCount "79"]
[EventDate "2021.03.04"]
[EventType "swiss"]
[EventRounds "9"]
[EventCountry "THA"]
[SourceTitle "EXT 2022"]
[Source "ChessBase"]
[SourceDate "2021.10.06"]
[SourceVersion "1"]
[SourceVersionDate "2021.10.06"]
[SourceQuality "1"]

1. Nf3 Nf6 2. g3 b5 3. Bg2 Bb7 4. 0-0 e6 5. d3 d5 6. Nbd2 Be7 7. e4 c5 8. Re1 Nc6 9. e5 Nd7 10. Nf1 Qc7 11. Bf4 a5 12. c3 b4 13. Rc1 Ba6 14. c4 Nb6 15. b3 a4 16. h4 axb3 17. axb3 Bb7 18. h5 h6 19. Ne3 dxc4 20. dxc4 Rd8 21. Qc2 Nd4 22. Nxd4 cxd4 23. c5 Bxg2 24. Nxg2 Nd7 25. c6 Nc5 26. Qc4 0-0 27. Bd2 d3 28. Rb1 Qxc6 29. Qxb4 Qd5 30. Qg4 Kh7 31. b4 Nb3 32. Ne3 Nxd2 33. Nxd5 Nxb1 34. Nxe7 Nc3 35. Qc4 d2 36. Qxc3 dxe1Q+ 37. Qxe1 Rd7 38. Nc6 Rc8 39. b5 Rd5 40. Ne7 1-0

[Event "THA-chT op"]
[Site "Bangkok"]
[Date "2020.12.13"]
[Round "7.3"]
[White "Alriyami, Faris Rashid"]
[Black "Tuorila, Kai"]
[Result "0-1"]
[WhiteElo "1729"]
[BlackElo "1908"]
[PlyCount "104"]
[EventDate "2020.12.10"]
[EventType "team-swiss"]
[EventRounds "9"]
[EventCountry "THA"]
[SourceTitle "CBM 199 Extra"]
[Source "ChessBase"]
[SourceDate "2021.01.31"]
[SourceVersion "1"]
[SourceVersionDate "2021.01.31"]
[SourceQuality "1"]
[WhiteTeam "Red Knight CC"]
[BlackTeam "Bangkok CC"]
[WhiteTeamCountry "THA"]
[BlackTeamCountry "THA"]

1. e4 c6 2. d4 g6 3. Nc3 d5 4. Nf3 dxe4 5. Nxe4 Nd7 6. Bc4 Ndf6 7. Nxf6+ Nxf6 8. 0-0 Bg7 9. c3 0-0 10. h3 Qc7 11. Re1 a5 12. a4 e6 13. Ne5 Nd7 14. Bf4 Nxe5 15. dxe5 Rd8 16. Qf3 h6 17. Qe3 Kh7 18. Rad1 Bd7 19. Rd6 Be8 20. Red1 Bf8 21. Qg3 b5 22. Bd3 Rxd6 23. exd6 Qd7 24. Be4 Rb8 25. Rd4 f6 26. Bxc6 Qxc6 27. d7 Rd8 28. dxe8Q Rxe8 29. Qd3 bxa4 30. Rc4 Qd5 31. Rc7+ Re7 32. Qxd5 exd5 33. Kf1 Rxc7 34. Bxc7 a3 35. bxa3 a4 36. Ke2 Bxa3 37. Kd3 Bc5 38. f3 Kg7 39. Kc2 Kf7 40. Kb2 Ke6 41. g4 Kd7 42. Bf4 h5 43. Bc1 Kc6 44. Kc2 Kb5 45. Kd3 a3 46. Kc2 Kc4 47. Bh6 d4 48. Bd2 d3+ 49. Kb1 Kb3 50. gxh5 gxh5 51. f4 a2+ 52. Ka1 Ba3 0-1

[Event "THA-chT op"]
[Site "Bangkok"]
[Date "2020.12.12"]
[Round "6.3"]
[White "Teerapabpaisit, Wisuwat"]
[Black "Alriyami, Faris Rashid"]
[Result "1/2-1/2"]
[WhiteElo "2122"]
[BlackElo "1729"]
[PlyCount "123"]
[EventDate "2020.12.10"]
[EventType "team-swiss"]
[EventRounds "9"]
[EventCountry "THA"]
[SourceTitle "CBM 199 Extra"]
[Source "ChessBase"]
[SourceDate "2021.01.31"]
[SourceVersion "1"]
[SourceVersionDate "2021.01.31"]
[SourceQuality "1"]
[WhiteTeam "East Bangapi"]
[BlackTeam "Red Knight CC"]
[WhiteTeamCountry "THA"]
[BlackTeamCountry "THA"]

1. e4 c5 2. Nf3 e6 3. d4 cxd4 4. Nxd4 Nc6 5. Nc3 Qc7 6. Be3 a6 7. Bd3 Nf6 8. Qe2 Bb4 9. 0-0 0-0 10. f4 b5 11. Nd1 Nxd4 12. Bxd4 Bc5 13. Bxc5 Qxc5+ 14. Qf2 Qxf2+ 15. Nxf2 Bb7 16. Rfe1 Rfc8 17. c3 Rc5 18. e5 Nd5 19. Ne4 Rc7 20. g3 Nb6 21. Nd6 Bd5 22. Re2 Bc4 23. Bxc4 Nxc4 24. Rd1 Kf8 25. Kf2 Rb8 26. Rd4 Ke7 27. Ke1 Rb6 28. Ne4 d6 29. Ng5 h6 30. Nf3 d5 31. Kf2 Na5 32. f5 Nb7 33. fxe6 fxe6 34. Rg4 Kf8 35. Nd4 Nc5 36. h4 Rf7+ 37. Kg2 Ne4 38. Rg6 Ke7 39. g4 Nc5 40. Nf5+ Kf8 41. Nd6 Nd3 42. Kg3 Nf4 43. Rf2 Rxd6 44. Rxf4 Rc6 45. h5 Rxf4 46. Kxf4 Rc4+ 47. Kf3 Kf7 48. g5 hxg5 49. Rxg5 Ra4 50. a3 Rh4 51. Ke3 Rh2 52. b4 Ra2 53. Kd4 Rxa3 54. Rg3 Ra1 55. Kc5 Ra3 56. Rd3 Ke7 57. Rg3 Kf7 58. Rf3+ Ke7 59. Rg3 Kf7 60. Kd6 d4 61. Rf3+ Kg8 62. Kxe6 1/2-1/2

[Event "Pattaya op 1st"]
[Site "Pattaya"]
[Date "2019.07.13"]
[Round "5"]
[White "Nguyen, Hoang Duc"]
[Black "Alriyami, Faris Rashid"]
[Result "1-0"]
[WhiteElo "2071"]
[BlackElo "1665"]
[PlyCount "55"]
[EventDate "2019.07.09"]
[EventType "swiss"]
[EventRounds "9"]
[EventCountry "THA"]
[SourceTitle "EXT 2020"]
[Source "ChessBase"]
[SourceDate "2019.10.17"]
[SourceVersion "1"]
[SourceVersionDate "2019.10.17"]
[SourceQuality "1"]

1. e4 c5 2. Nf3 d6 3. d4 cxd4 4. Nxd4 Nf6 5. Nc3 Nc6 6. Be2 e5 7. Nf3 Be7 8. Bg5 Be6 9. Qd2 Rc8 10. 0-0 a6 11. Rfd1 Na5 12. Bxf6 gxf6 13. Nd5 Nc4 14. Qb4 b5 15. a4 Bxd5 16. exd5 Rc5 17. axb5 axb5 18. b3 Nb6 19. Bxb5+ Kf8 20. c4 f5 21. Bc6 Rg8 22. Nxe5 dxe5 23. d6 Bxd6 24. Qxc5 Ke7 25. Rxd6 Qxd6 26. Ra7+ Ke6 27. Bd5+ Nxd5 28. cxd5+ 1-0

[Event "THA Amatuer-ch"]
[Site "Thailand"]
[Date "2019.02.16"]
[Round "1"]
[White "Panyoyai, Pacharapong"]
[Black "Alriyami, Faris Rashid"]
[Result "0-1"]
[WhiteElo "1065"]
[BlackElo "1704"]
[PlyCount "66"]
[EventDate "2019.02.16"]
[EventType "swiss"]
[EventRounds "7"]
[EventCountry "THA"]
[SourceTitle "CBM 189 Extra"]
[Source "ChessBase"]
[SourceDate "2019.05.31"]
[SourceVersion "1"]
[SourceVersionDate "2019.05.31"]
[SourceQuality "1"]

1. d4 Nf6 2. c4 g6 3. Nc3 Bg7 4. Bg5 d6 5. e3 h6 6. Bh4 0-0 7. Nf3 Bd7 8. Bd3 c5 9. dxc5 dxc5 10. 0-0 Nc6 11. a3 Rc8 12. Rc1 Bg4 13. Be2 Bf5 14. h3 Qa5 15. Qb3 b6 16. Qb5 a6 17. Qb3 Be6 18. Rcd1 b5 19. Bg3 Rfd8 20. Ne5 Nxe5 21. Bxe5 Nd7 22. Bxg7 Kxg7 23. a4 bxc4 24. Bxc4 Rb8 25. Qa2 Bxc4 26. Qxc4 Rxb2 27. Rb1 Ne5 28. Qe4 Qxc3 29. Rxb2 Qxb2 30. Rb1 Qc3 31. f4 Nc4 32. Qxe7 Qxe3+ 33. Qxe3 Nxe3 0-1

[Event "Vientiane op"]
[Site "Vientiane"]
[Date "2018.12.23"]
[Round "9"]
[White "Alriyami, Faris Rashid"]
[Black "Ferrie, Peter"]
[Result "1-0"]
[WhiteElo "1674"]
[BlackElo "1357"]
[PlyCount "75"]
[EventDate "2018.12.18"]
[EventType "swiss"]
[EventRounds "9"]
[EventCountry "LAO"]
[SourceTitle "CBM 187 Extra"]
[Source "ChessBase"]
[SourceDate "2018.11.04"]
[SourceVersion "1"]
[SourceVersionDate "2018.11.04"]
[SourceQuality "1"]

1. d4 d5 2. Bf4 c5 3. e3 cxd4 4. exd4 Nc6 5. c3 Nf6 6. Nd2 e6 7. Ngf3 Bd6 8. Bg3 0-0 9. Bd3 b6 10. 0-0 a5 11. Re1 Bb7 12. a4 Re8 13. Qb3 Bxg3 14. hxg3 Qc7 15. Re2 Re7 16. Rae1 Rc8 17. Nb1 Nb8 18. Na3 Qd8 19. Ne5 Na6 20. Nb5 Ra8 21. Qa3 Nc7 22. Nd6 Nce8 23. Nb5 Nc7 24. Nd6 Nce8 25. Nxb7 Rxb7 26. Bb5 Rc7 27. Qb3 Qd6 28. Bd3 Rb8 29. g4 b5 30. axb5 Rcb7 31. Qc2 Nc7 32. Nc6 Rc8 33. Nxa5 Rxb5 34. Bxb5 Nxb5 35. Qd3 Nc7 36. Ra1 Nxg4 37. Qh3 Qh2+ 38. Qxh2 1-0